000 01952cam a2200313 4500
001 3465
003 BD-RjUL
005 20211208233732.0
008 131219r19701969enkacf b 010 0 eng d
020 _a0710066163
035 _a(BD-RjUL)3499
040 _aDLC
_cDLC
_dDLC
_dBD-RjUL
_beng
041 0 _aengfre
082 0 0 _a330
_bROA 1970
245 0 0 _aRoads to freedom: essays in honour of Friedrich A. von Hayek /
_cedited by Erich Streissler [and others]
260 _aLondon,
_bRoutledge & K. Paul,
_c1969 [reprinted 1970]
300 _axix, 315 p.;
_bplate, illus., port. :
_c25 cm.
350 _a80/-
504 _a"Bibliography of the writings of Friedrich A. von Hayek": p. 309-315. Bibliographical footnotes.
505 0 _aIntroduction, by E. Steissler.--Laudatio: un message pour le siècle, by J. Rueff.--Development economics: the spurious consenus and its background, by P. T. Bauer.--Is economics the science of choice? by J. M. Buchanan.--Wage-push inflation once more, by G. Haberler.--Will market economies and planned economies converge? by G. N. Halm.--Methodological individualism and the market economy, by L. M. Lachmann.--On neutral money, by F. A. Lutz.--Liberalism and the choice of freedoms, by F. Machlup.--The control of demand, by F. W. Paish.--The determinants of social action, by M. Polanyi.--A pluralist approach to the philosophy of history, by K. R. Popper.--A behavioral approach to monetary theory, by G. Schmölders.--Hayek on growth: a reconsideration of his early theoretical work, by E. Streissler.--The new theory of corporations, by G. Tullock.
600 1 0 _aHayek, Friedrich A. von
_q(Friedrich August),
_d1899-1992.
_93508
650 0 _aEconomics.
_910898
650 0 _aEconomic policy.
_910899
700 1 _aHayek, Friedrich A. von
_q(Friedrich August),
_d1899-1992.
_93508
700 1 _aStreissler, Erich W.,
_d1933-
_eed.
_910900
942 _2ddc
_cBK
999 _c3465
_d3465